000 00929nam a22003017a 4500
001 0011693
003 KOHA_MİRAKIL
005 20260207001826.0
007 ta
008 090729b2009 enk |||gr||||#0|||1|eng |
020 _a9780521689397
_c59,37
040 _aTR-BiSEU
_btur
_cTR-BiSEU
_erda
041 0 _aeng
044 _cenk
050 _aPE1449
_b.M33 2009
100 1 _aMcCarthy, Micheal.
245 1 _aAcademic vocabulary in ise/
_cMicheal McCarthy ; Micheal McCarthy, Felicity O'Dell .
264 1 _aU.K. :
_bCambridge University Press
_c2009
300 _a176 pages
336 _ametin
_btxt
_2rdacontent
337 _aaracısız
_bn
_2rdamedia
338 _acilt
_bnc
_2rdacarrier
650 0 _aVocabulary--Problems, exercises, etc.
_928484
650 0 _aEnglish language--Textbooks for foreign speakers.
_95137
650 0 _aVocabulary--Self-instruction.
_928485
907 _aDil
942 _2lcc
_cBK
999 _c11662
_d11662